| 000 | 01379nam a2200457 i 4500 | ||
|---|---|---|---|
| 001 | vtls000626429 | ||
| 003 | PNM | ||
| 005 | 20201112104726.0 | ||
| 008 | 110609s2011 my a jr| 000 0 may | ||
| 015 | _aM11-05530 | ||
| 020 |
_a9789675581090 (set) : _cRM118.00 |
||
| 020 |
_a9789675581120 _qpaperback |
||
| 039 | 9 |
_a201112011507 _bfaezah _c201106091546 _dsuzilawati _c201106091537 _dsuzilawati _c201105100829 _dazril |
|
| 040 |
_aBNM _cPNM _beng _dPPAK _erda |
||
| 049 | _aklpmal | ||
| 082 | 0 | 4 |
_a507 _222 |
| 090 | 0 | 0 |
_a507 _bMEM _dK |
| 245 | 0 | 0 |
_aMEMAHAMI DUNIA HAIWAN / _cPenyusun : Tengku Fairus Raja Hassan |
| 264 | 1 |
_aPetaling Jaya : _bOSC Pub. & Marketing, _c2010 |
|
| 300 |
_a28 pages : _billustrations , _c26cm. |
||
| 336 |
_2rdacontent _atext |
||
| 337 |
_2rdamedia _aunmediated |
||
| 338 |
_2rdacarrier _avolume |
||
| 490 | 1 | _aSiri bacaan sains asas | |
| 500 | _aMengandungi latihan | ||
| 650 | 1 | 0 |
_aAnimals _vJuvenile literature |
| 650 | 2 | 0 |
_aScience _vJuvenile literature |
| 700 | 0 | _aTengku Fairus Raja Hassan | |
| 830 | 0 | _aSiri bacaan sains asas | |
| 942 |
_2ddc _cB |
||
| 949 |
_62000367344 _a507 MEM M |
||
| 949 |
_62000367345 _a507 MEM M |
||
| 949 | _61000550246 | ||
| 949 | _61000550247 | ||
| 949 | _61000550248 | ||
| 949 | _61000550249 | ||
| 949 | _61000550250 | ||
| 949 | _61000550251 | ||
| 949 | _61000550252 | ||
| 949 | _61000550253 | ||
| 999 |
_c179830 _d179830 |
||